000 00192 a2200097 4500
020 _a9788434860667
041 _aspa
100 _aCordova, Isabel
245 _aAda nunca tiene miedo
942 _cBK
999 _c9372
_d9372